<?xml version="1.0" encoding="UTF-8"?>
<record
    xmlns:xsi="http://www.w3.org/2001/XMLSchema-instance"
    xsi:schemaLocation="http://www.loc.gov/MARC21/slim http://www.loc.gov/standards/marcxml/schema/MARC21slim.xsd"
    xmlns="http://www.loc.gov/MARC21/slim">

  <leader>00626nam a22001937a 4500</leader>
  <controlfield tag="005">20241206120246.0</controlfield>
  <controlfield tag="008">241205b           ||||| |||| 00| 0 eng d</controlfield>
  <datafield tag="020" ind1=" " ind2=" ">
    <subfield code="a">9789391155490</subfield>
  </datafield>
  <datafield tag="040" ind1=" " ind2=" ">
    <subfield code="c">AL</subfield>
  </datafield>
  <datafield tag="041" ind1=" " ind2=" ">
    <subfield code="a">eng</subfield>
  </datafield>
  <datafield tag="082" ind1=" " ind2=" ">
    <subfield code="2">23</subfield>
    <subfield code="a">345.05</subfield>
    <subfield code="b">GARA</subfield>
  </datafield>
  <datafield tag="100" ind1=" " ind2=" ">
    <subfield code="a">Brandon L Garrett</subfield>
    <subfield code="9">188042</subfield>
  </datafield>
  <datafield tag="245" ind1=" " ind2=" ">
    <subfield code="a">Autopsy of a crime lab</subfield>
    <subfield code="b">: exposing the flaws in forensics</subfield>
  </datafield>
  <datafield tag="260" ind1=" " ind2=" ">
    <subfield code="a">Oakland, California</subfield>
    <subfield code="b">University of California Press</subfield>
    <subfield code="c">2021</subfield>
  </datafield>
  <datafield tag="300" ind1=" " ind2=" ">
    <subfield code="a">252p.</subfield>
    <subfield code="b">PB</subfield>
    <subfield code="c">23.2x15.2cm.</subfield>
  </datafield>
  <datafield tag="365" ind1=" " ind2=" ">
    <subfield code="2">General</subfield>
    <subfield code="a">1060</subfield>
    <subfield code="b">&#x20B9;437.00</subfield>
    <subfield code="c">&#x20B9;</subfield>
    <subfield code="d">&#x20B9;599.00</subfield>
    <subfield code="e">27%</subfield>
    <subfield code="f">28-11-2024</subfield>
  </datafield>
  <datafield tag="650" ind1=" " ind2=" ">
    <subfield code="2">Criminal Law</subfield>
    <subfield code="a">Criminal Procedure</subfield>
    <subfield code="9">188043</subfield>
  </datafield>
  <datafield tag="942" ind1=" " ind2=" ">
    <subfield code="2">ddc</subfield>
    <subfield code="c">BK</subfield>
  </datafield>
  <datafield tag="999" ind1=" " ind2=" ">
    <subfield code="c">232144</subfield>
    <subfield code="d">232144</subfield>
  </datafield>
  <datafield tag="952" ind1=" " ind2=" ">
    <subfield code="0">0</subfield>
    <subfield code="1">0</subfield>
    <subfield code="2">ddc</subfield>
    <subfield code="4">0</subfield>
    <subfield code="7">0</subfield>
    <subfield code="8">Law</subfield>
    <subfield code="a">LL</subfield>
    <subfield code="b">LL</subfield>
    <subfield code="d">2024-12-05</subfield>
    <subfield code="e">MPP House, Bengaluru</subfield>
    <subfield code="g">437.00</subfield>
    <subfield code="l">0</subfield>
    <subfield code="o">345.05 GARA</subfield>
    <subfield code="p">LL000570</subfield>
    <subfield code="r">2024-12-05 00:00:00</subfield>
    <subfield code="v">599.00</subfield>
    <subfield code="w">2024-12-05</subfield>
    <subfield code="y">BK</subfield>
  </datafield>
  <datafield tag="952" ind1=" " ind2=" ">
    <subfield code="0">0</subfield>
    <subfield code="1">0</subfield>
    <subfield code="2">ddc</subfield>
    <subfield code="4">0</subfield>
    <subfield code="7">0</subfield>
    <subfield code="8">Law</subfield>
    <subfield code="a">LL</subfield>
    <subfield code="b">LL</subfield>
    <subfield code="d">2024-12-05</subfield>
    <subfield code="e">MPP House, Bengaluru</subfield>
    <subfield code="g">437.00</subfield>
    <subfield code="l">0</subfield>
    <subfield code="o">345.05 GARA</subfield>
    <subfield code="p">LL000571</subfield>
    <subfield code="r">2024-12-05 00:00:00</subfield>
    <subfield code="v">599.00</subfield>
    <subfield code="w">2024-12-05</subfield>
    <subfield code="y">BK</subfield>
  </datafield>
  <datafield tag="952" ind1=" " ind2=" ">
    <subfield code="0">0</subfield>
    <subfield code="1">0</subfield>
    <subfield code="2">ddc</subfield>
    <subfield code="4">0</subfield>
    <subfield code="7">0</subfield>
    <subfield code="8">Law</subfield>
    <subfield code="a">LL</subfield>
    <subfield code="b">LL</subfield>
    <subfield code="d">2024-12-05</subfield>
    <subfield code="e">MPP House, Bengaluru</subfield>
    <subfield code="g">437.00</subfield>
    <subfield code="l">0</subfield>
    <subfield code="o">345.05 GARA</subfield>
    <subfield code="p">LL000572</subfield>
    <subfield code="r">2024-12-05 00:00:00</subfield>
    <subfield code="v">599.00</subfield>
    <subfield code="w">2024-12-05</subfield>
    <subfield code="y">BK</subfield>
  </datafield>
  <datafield tag="952" ind1=" " ind2=" ">
    <subfield code="0">0</subfield>
    <subfield code="1">0</subfield>
    <subfield code="2">ddc</subfield>
    <subfield code="4">0</subfield>
    <subfield code="7">0</subfield>
    <subfield code="8">Law</subfield>
    <subfield code="a">LL</subfield>
    <subfield code="b">LL</subfield>
    <subfield code="d">2024-12-05</subfield>
    <subfield code="e">MPP House, Bengaluru</subfield>
    <subfield code="g">437.00</subfield>
    <subfield code="l">0</subfield>
    <subfield code="o">345.05 GARA</subfield>
    <subfield code="p">LL000573</subfield>
    <subfield code="r">2024-12-05 00:00:00</subfield>
    <subfield code="v">599.00</subfield>
    <subfield code="w">2024-12-05</subfield>
    <subfield code="y">BK</subfield>
  </datafield>
  <datafield tag="952" ind1=" " ind2=" ">
    <subfield code="0">0</subfield>
    <subfield code="1">0</subfield>
    <subfield code="2">ddc</subfield>
    <subfield code="4">0</subfield>
    <subfield code="7">0</subfield>
    <subfield code="8">Law</subfield>
    <subfield code="a">LL</subfield>
    <subfield code="b">LL</subfield>
    <subfield code="d">2024-12-05</subfield>
    <subfield code="e">MPP House, Bengaluru</subfield>
    <subfield code="g">437.00</subfield>
    <subfield code="l">0</subfield>
    <subfield code="o">345.05 GARA</subfield>
    <subfield code="p">LL000574</subfield>
    <subfield code="r">2024-12-05 00:00:00</subfield>
    <subfield code="v">599.00</subfield>
    <subfield code="w">2024-12-05</subfield>
    <subfield code="y">BK</subfield>
  </datafield>
</record>
